| 000 | 01056nam0a22002771 4500 | ||
|---|---|---|---|
| 001 | RU\NLR\INFOCOMM_161\5000062953 | ||
| 005 | 20250613092757.0 | ||
| 010 |
_910000 экз. _bв пер. _d1 р. |
||
| 035 | _a(NLR Aleph) 009177681 | ||
| 090 |
_a8552114 _c8552114 |
||
| 100 | _a20100311d1940 |||y0rusy50 ca | ||
| 101 | 0 | _ager | |
| 102 | _aRU | ||
| 105 | _aa ||||000|y | ||
| 200 | 1 |
_aErzählungen und Gedichte _eFür die 8 und 9 Klasse der Mittelschule _fBearbeitet und mit einem Wörterverzeichnis versehen von H. [?K.] K. Tschaplina und E. G. Riesel |
|
| 210 |
_aMoskau _cStaatsverlag für Lehrbücher und Pädagogik _d1940 |
||
| 215 |
_a72 с. _cил. _d20 см |
||
| 600 | 1 |
_aРизель _bЭ. Г. _gЭлиза Генриховна _2nlr_sh1 |
|
| 606 |
_aНемецкий язык _xХрестоматии _2nlr_sh1 |
||
| 700 | 1 |
_9z02790 _aČaplina _bE. K. _gEkaterina Konstantinovna _4070 |
|
| 790 | 1 |
_9z02700 _aTschaplina _bH. [?K.] K. _4070 |
|
| 801 | 1 |
_aRU _bNLR _c20100311 |
|
| 801 | 0 |
_aRU _bNLR _gPSBO |
|
| 852 |
_aNLR _jЯ60 В-3/26 |
||
| 942 | _cBOOK | ||
| 980 | _aNB | ||